[Event "ECC"]
[Site "Panormo GRE"]
[Date "2001.09.28"]
[Round "6"]
[White "Mitkov,M"]
[Black "Berzinsh,R"]
[Result "0-1"]
[WhiteElo "2413"]
[BlackElo "2478"]
[EventDate "2001.09.22"]

1. d4 Nf6 2. c4 e6 3. Nf3 b6 4. a3 Ba6 5. Qc2 Bb7 6. Nc3 c5 7. e4 cxd4 8.
Nxd4 Nc6 9. Nxc6 Bxc6 10. Bf4 Bc5 11. Rd1 Nh5 12. Bd6 Bxd6 13. Rxd6 O-O 14.
Be2 Nf4 15. g3 Nxe2 16. Qxe2 f5 17. O-O fxe4 18. Nxe4 a5 19. Rfd1 Qe8 20.
Qg4 a4 21. Re1 Ra5 22. f4 Qa8 23. Ng5 Raf5 24. Qh3 Rxg5 25. fxg5 Qa5 26.
Re3 Qc5 27. Rdd3 Be4 28. Rc3 Rf3 29. g6 Bxg6 30. Qh4 h6 0-1

[Event "ECC"]
[Site "Panormo GRE"]
[Date "2001.09.28"]
[Round "6"]
[White "Kutirov,R"]
[Black "Starostits,I"]
[Result "1-0"]
[WhiteElo "2390"]
[BlackElo "2411"]
[EventDate "2001.09.22"]

1. d4 d5 2. c4 c6 3. cxd5 cxd5 4. Bf4 Nc6 5. e3 Nf6 6. Nc3 Ne4 7. Bd3 Nxc3
8. bxc3 e6 9. Nf3 Bd6 10. Bxd6 Qxd6 11. O-O Bd7 12. c4 dxc4 13. Bxc4 O-O
14. Rb1 b6 15. Qd3 Rac8 16. Rfc1 Rc7 17. Qd2 Rfc8 18. Ba6 Rd8 19. Qb2 Bc8
20. Bb5 Bb7 21. Rc3 h6 22. Rbc1 Rdc8 23. a3 Qd5 24. Bf1 Qd6 25. Bb5 Qd5 26.
Bf1 g6 27. R1c2 Qd8 28. Qc1 Kg7 29. Ne5 Nxe5 30. Rxc7 Rxc7 31. Rxc7 Nf3+
32. Kh1 Qd5 33. Rxb7 Qxb7 34. gxf3 Qxf3+ 35. Kg1 h5 36. h3 1-0

[Event "ECC"]
[Site "Panormo GRE"]
[Date "2001.09.28"]
[Round "6"]
[White "Petkovski,V"]
[Black "Putka,V"]
[Result "0-1"]
[WhiteElo "2250"]
[BlackElo "2277"]
[EventDate "2001.09.22"]

1. e4 e5 2. Nf3 Nc6 3. Nc3 Nf6 4. Bb5 Nd4 5. Ba4 Bc5 6. d3 Qe7 7. Bg5 c6 8.
O-O b5 9. Bb3 a5 10. a4 b4 11. Nb1 h6 12. Bxf6 Qxf6 13. Nxd4 Bxd4 14. c3
Bc5 15. Nd2 d6 16. Kh1 g5 17. Nc4 O-O 18. Ne3 Kg7 19. Qd2 Be6 20. Bc2 d5
21. exd5 cxd5 22. Bb3 Rfd8 23. Qe2 bxc3 24. bxc3 Rab8 25. Rab1 Rb6 26. Ba2
Qf4 27. Rxb6 Bxb6 28. c4 dxc4 29. Bxc4 Bc7 30. g3 Qf6 31. Kg2 Bc8 32. f3
Qc6 33. Bb5 Qe6 34. g4 Qd6 35. Kh1 h5 36. Rc1 Be6 37. Rc6 Qe7 38. gxh5 Rh8
39. Ng4 Rxh5 40. Qc2 Bb8 41. Rb6 Ba7 42. Ra6 Bd4 43. Kg2 Qb4 44. Rxe6 Qe1
45. Rg6+ Kxg6 46. Qc6+ Kg7 47. Qf6+ Kg8 48. Qd8+ Kh7 49. Nf6+ Kg6 50. Nxh5
Qg1+ 51. Kh3 Qf1+ 0-1

[Event "ECC"]
[Site "Panormo GRE"]
[Date "2001.09.28"]
[Round "6"]
[White "Zifroni,D"]
[Black "Iordachescu,V"]
[Result "0-1"]
[WhiteElo "2548"]
[BlackElo "2562"]
[EventDate "2001.09.22"]

1. c4 Nf6 2. Nc3 e6 3. d4 Bb4 4. e3 O-O 5. Bd3 d5 6. a3 Bxc3+ 7. bxc3 dxc4
8. Bxc4 c5 9. Nf3 Qc7 10. Ba2 Nc6 11. O-O e5 12. h3 b6 13. d5 e4 14. dxc6
exf3 15. Qxf3 Be6 16. Bxe6 fxe6 17. c4 Rac8 18. Bb2 Ne8 19. Qg4 Qxc6 20.
Rfd1 Nf6 21. Qg3 Rce8 22. Rd6 Qc7 23. Bxf6 Rxf6 24. Rad1 Ref8 25. f4 Qc8
26. Qf3 Qa6 27. Qe4 Qxa3 28. Rxe6 Qa4 29. Rdd6 R6f7 30. Qd5 Kh8 31. Kh2 b5
32. Re4 h6 33. Qxc5 b4 34. Qd4 b3 35. Rxh6+ Kg8 36. Rh5 Rd7 37. Rd5 Rb7 38.
Rd8 Qc6 39. Qd5+ Qxd5 40. Rxd5 b2 0-1

[Event "ECC"]
[Site "Panormo GRE"]
[Date "2001.09.28"]
[Round "6"]
[White "Lev,R"]
[Black "Komliakov,V"]
[Result "1-0"]
[WhiteElo "2447"]
[BlackElo "2484"]
[EventDate "2001.09.22"]

1. d4 d5 2. c4 c6 3. Nf3 Nf6 4. e3 Bf5 5. Nc3 e6 6. Nh4 Bg4 7. Qb3 Qb6 8.
h3 Bh5 9. g4 Bg6 10. Nxg6 hxg6 11. g5 Nfd7 12. Bd2 Be7 13. f4 dxc4 14. Bxc4
Qxb3 15. Bxb3 Na6 16. Ke2 Nb6 17. e4 Rh5 18. Be3 O-O-O 19. Raf1 Rdh8 20.
Rf3 Nc7 21. Bf2 f5 22. gxf6 gxf6 23. Rg1 R5h6 24. Rfg3 g5 25. fxg5 fxg5 26.
Rh1 Kd7 27. Be3 Nc8 28. Nd1 Nd6 29. Nf2 Rh4 30. Kd3 Nf7 31. Rf3 Ke8 32. Rg1
R8h7 33. Rg4 R4h5 34. Rgg3 Bd6 35. Rg1 Be7 36. Ke2 Rh4 37. Kf1 Rh8 38. Bc2
Rg8 39. Ng4 Rgh8 40. Kg2 Nh6 41. Bf2 Rh5 42. Bg3 Kd8 43. Be5 Rg8 44. Nf6
Bxf6 45. Rxf6 g4 46. h4 g3 47. Kh3 Ne8 48. Rf4 1-0

[Event "ECC"]
[Site "Panormo GRE"]
[Date "2001.09.28"]
[Round "6"]
[White "Khruschiov,A"]
[Black "Bykhovsky,Av"]
[Result "1-0"]
[WhiteElo "2411"]
[BlackElo "2443"]
[EventDate "2001.09.22"]

1. e4 e6 2. d4 d5 3. Nc3 Nf6 4. Bg5 Be7 5. e5 Nfd7 6. Bxe7 Qxe7 7. f4 a6 8.
Nf3 c5 9. Qd2 Nc6 10. dxc5 Qxc5 11. O-O-O b5 12. Ne2 Ndb8 13. h4 Ra7 14.
Kb1 Rc7 15. g4 Qb4 16. Qe3 Na5 17. Ned4 Nbc6 18. f5 Nxd4 19. Nxd4 Nc6 20.
Nxc6 Rxc6 21. Bd3 h6 22. Rdf1 Qc5 23. Qf4 Kd8 24. h5 Qe7 25. f6 gxf6 26.
Qxf6 Qxf6 27. Rxf6 Rc7 28. g5 hxg5 29. h6 d4 30. Rg1 Rc5 31. Rxg5 Ke7 32.
Rg7 Rf8 33. Bg6 Rxe5 34. Rgxf7+ Kd6 35. b4 1-0

[Event "ECC"]
[Site "Panormo GRE"]
[Date "2001.09.28"]
[Round "6"]
[White "Haimovich,T"]
[Black "Slovineanu,V"]
[Result "1-0"]
[WhiteElo "2304"]
[BlackElo "2406"]
[EventDate "2001.09.22"]

1. d4 d5 2. c4 c6 3. Nf3 e6 4. Nbd2 Nf6 5. g3 c5 6. cxd5 exd5 7. Bg2 Nc6 8.
dxc5 Bxc5 9. O-O O-O 10. Nb3 Bb6 11. Nbd4 Re8 12. Be3 Ne4 13. Rc1 Qf6 14.
Qd3 Bg4 15. Rfd1 Rad8 16. Nxc6 Bxe3 17. Qxe3 Nxg3 18. Nce5 Bxf3 19. Qxf3
Nxe2+ 20. Qxe2 Rxe5 21. Qf3 Rf5 22. Qc3 Qg5 23. Qe3 Qg6 24. Qe7 Rf8 25. Re1
Qb6 26. Qxf8+ 1-0

[Event "ECC"]
[Site "Panormo GRE"]
[Date "2001.09.28"]
[Round "6"]
[White "Petrenko,S"]
[Black "Ben Menachem,I"]
[Result "1/2-1/2"]
[WhiteElo "2357"]
[BlackElo "2331"]
[EventDate "2001.09.22"]

1. e4 e5 2. Nf3 Nc6 3. Bc4 Bc5 4. c3 Nf6 5. d3 d6 6. Nbd2 a6 7. Bb3 O-O 8.
O-O Ba7 9. h3 h6 10. Nc4 Be6 11. Ne3 Qd7 12. Nh2 d5 13. Nhg4 Nxg4 14. Nxg4
dxe4 15. Bxe6 Qxe6 16. dxe4 Rad8 17. Qe2 Rd7 18. Ne3 Ne7 19. b3 Rfd8 20.
Qh5 Rd3 21. Ng4 Nc6 22. c4 Bd4 23. Rb1 Qg6 24. Qxg6 fxg6 25. Ne3 Nb4 26. a3
Na2 27. Nd5 c6 28. Nb4 Nxb4 29. axb4 Rf8 30. c5 g5 31. Bb2 Rxb3 32. Bxd4
Rxb1 33. Rxb1 exd4 34. Rd1 Rd8 35. Rd3 h5 36. Kf1 Kf7 37. Ke2 Ke6 38. Rg3
Kf6 39. Kd3 g6 40. Rf3+ Ke6 41. Rg3 Kf6 42. Rf3+ Ke6 43. Rg3 Kf6 44. Rf3+
1/2-1/2

[Event "ECC"]
[Site "Panormo GRE"]
[Date "2001.09.28"]
[Round "6"]
[White "Coenen,N"]
[Black "Gustafsson,J"]
[Result "1/2-1/2"]
[WhiteElo "2418"]
[BlackElo "2535"]
[EventDate "2001.09.22"]

1. e4 c5 2. Nf3 Nc6 3. d4 cxd4 4. Nxd4 Nf6 5. Nc3 e5 6. Ndb5 d6 7. Bg5 a6
8. Na3 b5 9. Nd5 Be7 10. Bxf6 Bxf6 11. c3 O-O 12. Nc2 Rb8 13. Be2 Bg5 14.
Nce3 Ne7 15. O-O Be6 16. Qd3 a5 17. Nxe7+ Qxe7 18. Nd5 Qa7 19. a3 Kh8 20.
Rad1 f5 21. Qg3 Bh6 22. exf5 Bxf5 23. Bd3 Be6 24. Be4 Rf7 25. Rd3 Rbf8 26.
Rf3 Rxf3 27. Bxf3 Bf5 28. Qh4 Bd3 29. Re1 Bc4 30. Qe4 Qb7 31. Ne3 Qxe4 32.
Bxe4 Bxe3 33. fxe3 d5 34. Bc2 a4 35. Bd1 g6 36. Bf3 Kg7 37. Rd1 e4 38. Bg4
h5 39. Bh3 Kf6 40. Rd2 Ke7 41. Rf2 Rxf2 42. Kxf2 g5 43. Bc8 Kf6 44. Kg3 h4+
45. Kf2 Ke5 46. Bg4 Kf6 47. g3 Kg6 48. Kg2 Bd3 49. Bd1 Bc4 50. Bg4 Bd3 51.
Bd7 Bc4 52. Be8+ Kf6 53. Bh5 Kf5 54. Bd1 Kg6 55. Bg4 1/2-1/2

[Event "ECC"]
[Site "Panormo GRE"]
[Date "2001.09.28"]
[Round "6"]
[White "Bezold,M"]
[Black "Ahn,M"]
[Result "1-0"]
[WhiteElo "2510"]
[BlackElo "2340"]
[EventDate "2001.09.22"]

1. c4 g6 2. g3 Bg7 3. Bg2 d6 4. Nc3 Nf6 5. d3 O-O 6. Rb1 c5 7. b4 cxb4 8.
Rxb4 Qa5 9. Rb3 d5 10. Ra3 Qb4 11. Rb3 Qa5 12. Ra3 Qb4 13. Qa4 Qxa4 14.
Nxa4 Na6 15. cxd5 Nb4 16. Nc3 Nc2+ 17. Kd2 Nxa3 18. Bxa3 Ng4 19. Nh3 Bd7
20. Rb1 Rac8 21. Ne4 b6 22. f3 Nf6 23. Nf4 Ba4 24. Bxe7 Rc2+ 25. Ke1 Nxe4
26. dxe4 Re8 27. d6 Rec8 28. Nd3 Bd7 29. a4 Ra2 30. e5 Rcc2 31. Bf1 Rxa4
32. f4 Re4 33. Nb4 Rc5 34. Na6 Rc2 35. Nb8 Bg4 36. d7 Bxd7 37. Nxd7 Rd4 38.
Nf6+ Bxf6 39. exf6 Rdd2 40. Rb3 h5 41. Ba3 Rd4 42. Bg2 h4 43. Bb7 Rc7 44.
Ba6 Ra4 45. Bb5 Re4 46. Rd3 Rc8 47. Rd7 a5 48. Re7 Rd4 49. Be8 Kh8 50. Bxf7
a4 51. Bxg6 1-0

[Event "ECC"]
[Site "Panormo GRE"]
[Date "2001.09.28"]
[Round "6"]
[White "Meessen,R"]
[Black "Novkovic,Mi"]
[Result "1-0"]
[WhiteElo "2323"]
[BlackElo "2396"]
[EventDate "2001.09.22"]

1. d4 f5 2. g3 Nf6 3. Bg2 e6 4. c4 d5 5. Nf3 c6 6. O-O Bd6 7. b3 Qe7 8. Bb2
O-O 9. Ne5 Bd7 10. Nd2 Be8 11. Ndf3 Nbd7 12. Nd3 Ne4 13. Nfe5 Nxe5 14. dxe5
Ba3 15. Bxa3 Qxa3 16. Rc1 d4 17. Nf4 Bf7 18. Bxe4 fxe4 19. Qxd4 Rfd8 20.
Qe3 Qxa2 21. Rfd1 Qb2 22. Qxe4 Qxb3 23. Rd6 Rxd6 24. exd6 Qa3 25. Rd1 Qa4
26. Rb1 Rd8 27. Qe5 Rd7 28. Nxe6 Qc2 29. Qxg7+ 1-0

[Event "ECC"]
[Site "Panormo GRE"]
[Date "2001.09.28"]
[Round "6"]
[White "Gaertner,G"]
[Black "Petzold,K"]
[Result "1/2-1/2"]
[WhiteElo "2392"]
[BlackElo "2269"]
[EventDate "2001.09.22"]

1. d4 d5 2. c4 c6 3. cxd5 cxd5 4. Nf3 Nc6 5. Nc3 Nf6 6. Ne5 e6 7. Nxc6 bxc6
8. g3 c5 9. Bg2 Bd7 10. O-O Rc8 11. Bf4 cxd4 12. Qxd4 Bc5 13. Qd2 O-O 14.
Be3 Qb6 15. Bxc5 Rxc5 16. Rfd1 Rfc8 17. e3 Be8 18. Rac1 Qb4 19. a3 Qb3 20.
e4 d4 21. Ne2 e5 22. Rxc5 Rxc5 23. Nc1 Qa4 24. Nd3 Rc2 25. Qb4 Qxb4 26.
axb4 Bb5 27. Nxe5 Rxb2 28. Bf1 Rxb4 29. Bxb5 Rxb5 30. Nc6 Nxe4 31. Rxd4 f5
32. Ne7+ Kf7 33. Nxf5 Rxf5 34. Rxe4 a5 35. f4 Rc5 36. Kf2 Rc2+ 1/2-1/2

[Event "ECC"]
[Site "Panormo GRE"]
[Date "2001.09.28"]
[Round "6"]
[White "Plumanns,D"]
[Black "Thoma,R"]
[Result "0-1"]
[WhiteElo "2199"]
[BlackElo "2358"]
[EventDate "2001.09.22"]

1. d4 g6 2. e4 d6 3. Nf3 Bg7 4. h3 Nf6 5. Nc3 c6 6. Bc4 b5 7. Bb3 b4 8. e5
bxc3 9. exf6 Bxf6 10. bxc3 O-O 11. O-O Re8 12. Bf4 a5 13. a4 Nd7 14. Re1
Ba6 15. Ng5 d5 16. Nf3 e6 17. Ne5 Nxe5 18. Bxe5 Rc8 19. Qf3 Bxe5 20. Rxe5
c5 21. dxc5 Rxc5 22. Rae1 Rf8 23. Qe3 Qc7 24. Qh6 Bc4 25. Rh5 f6 26. Rh4
Bxb3 27. cxb3 Rxc3 28. b4 axb4 29. Rxb4 Rc8 30. Rbb1 e5 31. Qh4 Qe7 32. a5
R3c4 33. Qh6 Qa7 34. Ra1 Rc2 35. Qh4 g5 36. Qg3 R8c3 37. Re3 Rc1+ 38. Rxc1
Rxc1+ 39. Kh2 Qxa5 40. Qg4 Qc7 41. Qe6+ Qf7 42. Qg4 Rc4 43. Qf5 Kg7 44. Ra3
h5 45. Ra6 h4 46. Rd6 Rc7 47. Rd8 d4 48. Rd6 Qg6 49. Qe6 Qf7 50. Qf5 Qf8
51. Qe6 Rf7 52. Rc6 Qe7 53. Qd5 Qb7 54. Qc5 Qd7 55. Qc4 Qf5 56. f3 Rb7 57.
Rc7+ Rxc7 58. Qxc7+ Kh6 59. Qd8 Qe6 60. Kg1 Kg6 61. Kf2 Kf5 62. Qa8 e4 63.
fxe4+ Qxe4 64. Qc8+ Kf4 65. Qg4+ Ke5 66. Qd7 Qf4+ 0-1

[Event "ECC"]
[Site "Panormo GRE"]
[Date "2001.09.28"]
[Round "6"]
[White "Konopka,M"]
[Black "Thorhallsson,T"]
[Result "1/2-1/2"]
[WhiteElo "2479"]
[BlackElo "2456"]
[EventDate "2001.09.22"]

1. Nf3 d5 2. d4 Nf6 3. c4 dxc4 4. e3 e6 5. Bxc4 a6 6. O-O c5 7. dxc5 Bxc5
8. Qxd8+ Kxd8 9. Nbd2 Nc6 10. Be2 Ke7 11. b3 b6 12. Bb2 Bb7 13. a3 a5 14.
Rfd1 Rhd8 15. Bxf6+ gxf6 16. Ne4 1/2-1/2

[Event "ECC"]
[Site "Panormo GRE"]
[Date "2001.09.28"]
[Round "6"]
[White "Freisler,P"]
[Black "Jonsson,B"]
[Result "1/2-1/2"]
[WhiteElo "2350"]
[BlackElo "2395"]
[EventDate "2001.09.22"]

1. Nf3 Nf6 2. c4 g6 3. Nc3 Bg7 4. g3 O-O 5. Bg2 d6 6. d4 c5 7. O-O Nc6 8.
d5 Na5 9. Nd2 a6 10. Qc2 Rb8 11. b3 b5 12. Bb2 bxc4 13. bxc4 Bh6 14. Ncb1
Bd7 15. Bc3 Qc7 16. Nb3 Ba4 17. Qd3 Bxb3 18. axb3 Nxb3 19. Ra3 Nc1 20. Qc2
Rxb1 21. Qxb1 Nxe2+ 22. Kh1 Nxc3 23. Rxc3 Bd2 24. Ra3 a5 25. Bh3 Ra8 26.
Qc2 Bb4 27. Ra2 Qa7 28. Ra4 Nd7 29. f4 Rf8 30. Bxd7 Qxd7 31. f5 Kg7 32. Ra2
f6 33. h4 Ra8 34. Ra4 Bc3 35. Kg2 Be5 36. g4 Rb8 37. Ra2 Rb4 38. Rb1 Qb7
39. Rxb4 cxb4 40. Rxa5 b3 41. Qd3 b2 42. Rb5 Qa7 43. fxg6 Qa2 44. Kf3 Qa1
45. gxh7 Qh1+ 46. Ke3 Qe1+ 47. Kf3 Qh1+ 48. Ke3 Qe1+ 49. Kf3 1/2-1/2

[Event "ECC"]
[Site "Panormo GRE"]
[Date "2001.09.28"]
[Round "6"]
[White "Thorsteinsson,T"]
[Black "Jirovsky,Pe"]
[Result "1-0"]
[WhiteElo "2324"]
[BlackElo "2423"]
[EventDate "2001.09.22"]

1. d4 Nf6 2. c4 g6 3. Nc3 Bg7 4. e4 d6 5. f3 O-O 6. Bg5 Nbd7 7. Qd2 a6 8.
Bd3 c5 9. d5 Ne5 10. Nge2 e6 11. O-O h6 12. Be3 exd5 13. cxd5 b5 14. b3
Nxd3 15. Qxd3 b4 16. Na4 Bd7 17. Qd2 Bxa4 18. bxa4 Kh7 19. Rac1 Re8 20. Ng3
Qa5 21. Qd1 Nd7 22. f4 f5 23. h4 Nf6 24. e5 Ng4 25. Bxc5 dxc5 26. h5 Qb6
27. a5 Qa7 28. hxg6+ Kxg6 29. Nxf5 c4+ 30. Kh1 h5 31. Rxc4 Nf2+ 32. Rxf2
Qxf2 33. Qd3 Bxe5 34. Nd6+ Kh6 35. Nf7+ Kg7 36. Nxe5 Qe1+ 37. Kh2 Qh4+ 38.
Kg1 Qe1+ 39. Kh2 Qh4+ 40. Qh3 Qxh3+ 41. Kxh3 Rad8 42. Rc7+ Kg8 43. Nc6 Rxd5
44. Ne7+ Rxe7 45. Rxe7 Rxa5 46. Rb7 Rxa2 47. Rxb4 Kg7 48. g3 a5 49. Rb7+
Kg6 50. Rb6+ Kg7 51. Kh4 Rh2+ 52. Kg5 Rh3 53. Rb3 a4 54. Rc3 Kf7 55. f5 Kg7
56. f6+ Kf7 57. Kf5 h4 58. Rc7+ Kg8 59. g4 Rb3 60. Kg6 Rb8 61. Rh7 Rb6 62.
Ra7 Rb8 63. Rxa4 h3 64. Ra3 1-0

[Event "ECC"]
[Site "Panormo GRE"]
[Date "2001.09.28"]
[Round "6"]
[White "Sigfusson,S"]
[Black "Borik,O"]
[Result "1/2-1/2"]
[WhiteElo "2284"]
[BlackElo "2419"]
[EventDate "2001.09.22"]

1. e4 c5 2. Nf3 d6 3. d4 Nf6 4. Nc3 cxd4 5. Nxd4 Nc6 6. Bc4 e6 7. Be3 Be7
8. Qe2 Bd7 9. O-O-O Rc8 10. Bb3 Na5 11. f3 Nxb3+ 12. Nxb3 a6 13. Qf2 O-O
14. Bb6 Qe8 15. Kb1 Bc6 16. Bd4 b5 17. Rhe1 b4 18. Bxf6 gxf6 19. Nd5 exd5
20. exd5 Bd7 21. Qe3 Bf5 22. Nd4 Bg6 23. Qxe7 Qxe7 24. Rxe7 Rc5 25. Rb7 a5
26. Kc1 Rfc8 27. Rd2 Rxd5 28. Rb5 Re5 29. f4 Re1+ 30. Rd1 Re4 31. g3 Rc5
32. Rxc5 dxc5 33. Nb3 Rc4 34. Rd2 a4 35. Na5 Re4 36. Nb7 Re1+ 37. Rd1 Re2
38. Rd2 Re1+ 39. Rd1 1/2-1/2

[Event "ECC"]
[Site "Panormo GRE"]
[Date "2001.09.28"]
[Round "6"]
[White "Ftacnik,L"]
[Black "Buckley,S"]
[Result "1-0"]
[WhiteElo "2580"]
[BlackElo "2268"]
[EventDate "2001.09.22"]

1. c4 Nf6 2. Nc3 e5 3. g3 Nc6 4. Bg2 Bb4 5. Nd5 Bd6 6. Nf3 Nxd5 7. cxd5 Ne7
8. d4 e4 9. Nd2 f5 10. Qb3 a5 11. Nc4 Bb4+ 12. Bd2 Nxd5 13. Bxb4 Nxb4 14.
a3 Na6 15. Nxa5 d5 16. O-O Rb8 17. Qc3 O-O 18. b4 c6 19. f4 Bd7 20. e3 Qf6
21. Rfc1 Rfc8 22. Bf1 Nc7 23. a4 g5 24. fxg5 Qg7 25. Ra2 Qxg5 26. Nb3 b6
27. a5 Ne6 28. axb6 f4 29. Nc5 fxg3 30. Rg2 Kh8 31. Nxd7 Qh6 32. Rxg3 Ng5
33. Bg2 Rb7 34. Ne5 1-0

[Event "ECC"]
[Site "Panormo GRE"]
[Date "2001.09.28"]
[Round "6"]
[White "Kolesar,Mil"]
[Black "Buckley,M"]
[Result "1/2-1/2"]
[WhiteElo "2234"]
[BlackElo "2118"]
[EventDate "2001.09.22"]

1. Nf3 d6 2. d4 Bg4 3. g3 Bxf3 4. exf3 c6 5. Bg2 g6 6. O-O Bg7 7. f4 e6 8.
c3 Ne7 9. Nd2 O-O 10. Qb3 Qc7 11. a4 Nd7 12. Nc4 Rab8 13. Qa3 Nc8 14. Bd2
b6 15. Rac1 a6 16. b4 b5 17. Nb2 Ncb6 18. c4 Nxc4 19. Nxc4 bxc4 20. Rxc4 d5
21. Rc2 Nb6 22. b5 axb5 23. axb5 Nc4 24. Rxc4 dxc4 25. Bxc6 Bxd4 26. Bb4
Rfd8 27. Be7 Rd7 28. Bxd7 Qxd7 29. Bd6 Rd8 30. Be7 Re8 31. Bc5 Bxc5 32.
Qxc5 Rc8 33. Qb4 c3 34. Rc1 Qd2 35. Qb1 c2 36. Qb2 Qd1+ 37. Kg2 Qd5+ 38.
Kg1 Qd1+ 39. Kg2 Qd5+ 40. Kg1 Qd1+ 41. Kg2 Qd5+ 1/2-1/2

[Event "ECC"]
[Site "Panormo GRE"]
[Date "2001.09.28"]
[Round "6"]
[White "Trevelyan,J"]
[Black "Szucs,V"]
[Result "1-0"]
[WhiteElo "2145"]
[BlackElo "2165"]
[EventDate "2001.09.22"]

1. e4 e6 2. d3 d5 3. Nd2 Nf6 4. Ngf3 dxe4 5. dxe4 Bc5 6. Bc4 Nc6 7. O-O e5
8. c3 O-O 9. b4 Bd6 10. Qe2 a5 11. b5 Ne7 12. Rd1 Ng6 13. Nf1 Qe7 14. Bg5
Be6 15. Bxe6 Qxe6 16. Ng3 Bc5 17. h3 h6 18. Bxf6 Qxf6 19. Nh5 Qe7 20. Rd3
Rad8 21. Rad1 Rxd3 22. Qxd3 Nh4 23. Ng3 Nxf3+ 24. Qxf3 Rd8 25. Nf5 Rxd1+
26. Qxd1 Qg5 27. g3 b6 28. h4 Qf6 29. Kg2 Kh7 30. h5 Bxf2 31. Kxf2 g6 32.
hxg6+ fxg6 33. Qd7+ Kh8 34. Qe8+ Kh7 35. Qe7+ 1-0

[Event "ECC"]
[Site "Panormo GRE"]
[Date "2001.09.28"]
[Round "6"]
[White "Blaho,S"]
[Black "Beveridge,N"]
[Result "1/2-1/2"]
[WhiteElo "2158"]
[BlackElo "2021"]
[EventDate "2001.09.22"]

1. d4 e6 2. c4 f5 3. Nf3 Nf6 4. g3 Be7 5. Bg2 O-O 6. O-O d6 7. Nc3 Qe8 8.
Qd3 Qh5 9. e4 fxe4 10. Nxe4 Nxe4 11. Qxe4 Bf6 12. h4 Nc6 13. Bf4 Kh8 14.
Rfe1 Bd7 15. Qd3 Rae8 16. Bd2 1/2-1/2

[Event "ECC"]
[Site "Panormo GRE"]
[Date "2001.09.28"]
[Round "6"]
[White "Halkias,S"]
[Black "Elseth,R"]
[Result "1-0"]
[WhiteElo "2505"]
[BlackElo "2358"]
[EventDate "2001.09.22"]

1. d4 Nf6 2. c4 e6 3. Nf3 d5 4. Nc3 Be7 5. Bg5 O-O 6. e3 h6 7. Bxf6 Bxf6 8.
Rc1 b6 9. Qb3 Bb7 10. cxd5 exd5 11. Bd3 a5 12. O-O Na6 13. Bb1 Rb8 14. a3
c5 15. Qc2 g6 16. dxc5 bxc5 17. Ba2 Kg7 18. Bxd5 Bxd5 19. Rfd1 Bb3 20. Rxd8
Bxc2 21. Rxb8 Rxb8 22. Rxc2 Bxc3 23. Rxc3 Rxb2 24. g4 Kf6 25. Rc4 Ke6 26.
Ra4 Rb5 27. g5 hxg5 28. Nxg5+ Kd5 29. Rf4 f5 30. h4 Rb1+ 31. Kg2 c4 32. h5
c3 33. Rd4+ Kc5 34. Ne6+ Kb5 35. hxg6 c2 36. a4+ Kb6 37. Rc4 Rb4 38. Rxc2
Rg4+ 39. Kf3 Rxg6 40. Nd4 Nc5 41. Kf4 Nxa4 42. Kxf5 Rg7 43. Ne6 Rg2 44. e4
Kb5 45. e5 Kb4 46. Nf4 Rg8 47. e6 Nc3 48. e7 a4 49. Ke6 a3 50. Nd5+ Nxd5
51. Kxd5 Kb3 52. Re2 1-0

[Event "ECC"]
[Site "Panormo GRE"]
[Date "2001.09.28"]
[Round "6"]
[White "Grotnes,N"]
[Black "Grivas,E"]
[Result "0-1"]
[WhiteElo "2291"]
[BlackElo "2489"]
[EventDate "2001.09.22"]

1. d4 f5 2. g3 Nf6 3. Bg2 g6 4. Nf3 Bg7 5. O-O O-O 6. b3 d6 7. Bb2 a5 8. c4
c6 9. Nc3 Qc7 10. d5 e5 11. dxe6 Bxe6 12. Nd4 Bf7 13. Qc2 Na6 14. Rad1 Rad8
15. e4 fxe4 16. Nxe4 Nxe4 17. Bxe4 d5 18. cxd5 Nb4 19. Qb1 Nxd5 20. Bg2 a4
21. Rfe1 axb3 22. axb3 Qb6 23. Ne2 Nf6 24. Nc1 Ng4 25. Qc2 Rxd1 26. Rxd1
Nxf2 27. Qxf2 Qxf2+ 28. Kxf2 Bxb3+ 29. Ke1 Re8+ 30. Kd2 Rd8+ 31. Nd3 Bxd1
32. Bxg7 Kxg7 0-1

[Event "ECC"]
[Site "Panormo GRE"]
[Date "2001.09.28"]
[Round "6"]
[White "Mastrovasilis,D"]
[Black "Jansson,J"]
[Result "1-0"]
[WhiteElo "2435"]
[BlackElo "2227"]
[EventDate "2001.09.22"]

1. e4 c5 2. b3 Nf6 3. e5 Nd5 4. Bb2 Nc6 5. Nf3 g6 6. Bc4 Nc7 7. Ng5 e6 8.
Ne4 Bg7 9. Nd6+ Kf8 10. f4 Ne8 11. Nxe8 Kxe8 12. Nc3 d6 13. exd6 a6 14. O-O
Bd4+ 15. Kh1 Qxd6 16. Ne4 Qe7 17. c3 Bg7 18. Ba3 b6 19. d4 Bb7 20. dxc5 b5
21. Bd3 f5 22. Nd6+ Kf8 23. Qd2 e5 24. fxe5 Bxe5 25. Bxf5 Kg7 26. Be4 Rhf8
27. Nxb7 Qh4 28. g4 1-0

[Event "ECC"]
[Site "Panormo GRE"]
[Date "2001.09.28"]
[Round "6"]
[White "Bjelke,J"]
[Black "Simeonidis,I"]
[Result "1-0"]
[WhiteElo "2087"]
[BlackElo "2280"]
[EventDate "2001.09.22"]

1. Nf3 c5 2. g3 Nc6 3. Bg2 g6 4. O-O Bg7 5. d3 e5 6. c4 Nge7 7. Nc3 d6 8.
Ne1 Be6 9. f4 O-O 10. e4 Qd7 11. Be3 exf4 12. Bxf4 Nd4 13. Qd2 Nec6 14. Bh6
Rab8 15. Bxg7 Kxg7 16. Nf3 Nxf3+ 17. Rxf3 a6 18. b3 b5 19. Rf2 b4 20. Ne2
a5 21. d4 Bg4 22. d5 Ne5 23. Nf4 Qe7 24. a3 bxa3 25. Rxa3 Rb4 26. Qc3 Rfb8
27. Nd3 f6 28. h3 Bd1 29. Nxe5 fxe5 30. Rxa5 Bxb3 31. Bf1 h5 32. h4 Bd1 33.
Qa1 Rb1 34. Ra7 R8b7 35. Qxb1 Rxa7 36. Qxd1 Ra3 37. Kh2 Qa7 38. Qd2 Qe7 39.
Qg5 Ra7 40. Bh3 1-0

[Event "ECC"]
[Site "Panormo GRE"]
[Date "2001.09.28"]
[Round "6"]
[White "Karttunen,M"]
[Black "Berend,E"]
[Result "1-0"]
[WhiteElo "2466"]
[BlackElo "2297"]
[EventDate "2001.09.22"]

1. d4 Nf6 2. c4 g6 3. Nc3 Bg7 4. e4 d6 5. Be2 O-O 6. Nf3 Na6 7. O-O c6 8.
h3 e5 9. Be3 exd4 10. Bxd4 Re8 11. Bd3 Nc5 12. Re1 Ne6 13. Be3 Nh5 14. Qd2
Be5 15. Nxe5 dxe5 16. Rad1 Qf6 17. Bf1 g5 18. Ne2 Nhf4 19. Ng3 Ng7 20. Qb4
g4 21. Rd6 Qh4 22. hxg4 Qxg4 23. Qc3 h5 24. Bxf4 exf4 25. Ne2 Qg5 26. Qf3
Ne6 27. b4 a5 28. b5 Kh7 29. Red1 Qg4 30. Qxg4 hxg4 31. f3 cxb5 32. cxb5
Rg8 33. Kf2 a4 34. a3 Rg5 35. R1d5 Rg6 36. Nc3 g3+ 37. Ke1 Rh6 38. Rf5 Kg7
39. Nd5 Nd4 40. Rxf7+ Kxf7 41. Rxh6 Ra5 42. Nxf4 Nc2+ 43. Kd2 Nxa3 44. Kc3
Ra8 45. Kb2 1-0

[Event "ECC"]
[Site "Panormo GRE"]
[Date "2001.09.28"]
[Round "6"]
[White "Paehtz,T"]
[Black "Salmensuu,O"]
[Result "1-0"]
[WhiteElo "2451"]
[BlackElo "2431"]
[EventDate "2001.09.22"]

1. e4 Nc6 2. Nf3 f5 3. exf5 d5 4. d4 Bxf5 5. Bb5 Qd6 6. Ne5 Nf6 7. O-O Nd7
8. Bxc6 bxc6 9. Qf3 e6 10. g4 Bg6 11. Nxg6 hxg6 12. Bf4 Qb4 13. Qd3 O-O-O
14. Nd2 Bd6 15. c3 Qb8 16. Bxd6 cxd6 17. Qg3 Nf6 18. b4 g5 19. Kg2 Qb7 20.
Rfe1 Rhe8 21. a4 Qb8 22. b5 c5 23. Nb3 Ne4 24. Qe3 Rf8 25. f3 Rf4 26. fxe4
Rxg4+ 27. Kh1 Rh8 28. Ra2 dxe4 29. Rg2 Rf4 30. dxc5 d5 31. Nd2 1-0

[Event "ECC"]
[Site "Panormo GRE"]
[Date "2001.09.28"]
[Round "6"]
[White "Kiik,K"]
[Black "Berend,F"]
[Result "0-1"]
[WhiteElo "2449"]
[BlackElo "2362"]
[EventDate "2001.09.22"]

1. e4 c5 2. Nf3 e6 3. d3 Nc6 4. g3 Nf6 5. Bg2 d5 6. Qe2 Be7 7. O-O Qc7 8.
Re1 dxe4 9. dxe4 e5 10. c3 O-O 11. Na3 h6 12. Nh4 Re8 13. Nc4 Be6 14. Ne3
Rad8 15. Nef5 Bf8 16. g4 Nh7 17. Nf3 f6 18. N3h4 Qf7 19. Bf1 Rd7 20. Ng2
Red8 21. h4 a6 22. Nge3 g6 23. Ng3 Kh8 24. b3 Qg8 25. Bg2 Ne7 26. Kh2 Bg7
27. Rb1 Bf7 28. Rb2 Nf8 29. c4 Ne6 30. Nd5 Nxd5 31. exd5 Nd4 32. Qd1 f5 33.
gxf5 gxf5 34. Rd2 Bg6 35. Bb2 Rf8 36. h5 Bh7 37. Bh3 Qf7 38. f4 exf4 39.
Nh1 Re7 40. Bxd4 cxd4 41. Rxe7 Qxe7 42. Qf3 Qe3 43. Rd3 Qe5 44. Nf2 Re8 45.
Bg2 Qd6 46. Kg1 Re1+ 47. Bf1 Be5 48. Nd1 Qe7 49. Rd2 Bg8 50. Rg2 Bf7 51.
Qd3 Qf6 52. Qd2 Qh4 53. Qb4 Bg7 54. Nf2 Re8 55. Qxb7 Qxh5 56. d6 f3 57.
Rxg7 Kxg7 58. d7 Qg5+ 59. Kh2 Qf4+ 60. Kh3 Rg8 61. d8=Q Rxd8 62. c5 d3 63.
Qe7 Qg5 64. Qxg5+ hxg5 65. Bxd3 Kf6 66. Bxa6 Bd5 67. b4 Rh8+ 0-1

[Event "ECC"]
[Site "Panormo GRE"]
[Date "2001.09.28"]
[Round "6"]
[White "Upton,T"]
[Black "Jouhki,Y"]
[Result "0-1"]
[WhiteElo "2303"]
[BlackElo "2274"]
[EventDate "2001.09.22"]

1. e4 Nc6 2. Nf3 f5 3. exf5 d5 4. d4 Bxf5 5. Bb5 Qd6 6. O-O Nf6 7. Ne5 Nd7
8. f4 Ncxe5 9. fxe5 Qg6 10. Ba4 c6 11. Nc3 e6 12. Ne2 h5 13. Be3 Be7 14.
Qd2 a5 15. c3 Nb6 16. Nf4 Qh7 17. Bd1 Nc4 18. Qc1 g5 19. Ne2 Qg6 20. a4 h4
21. b3 Nxe3 22. Qxe3 h3 23. g3 O-O-O 24. Rc1 Rhf8 25. c4 Be4 26. Nc3 Rxf1+
27. Kxf1 Bd3+ 28. Be2 Rf8+ 29. Kg1 Bxe2 30. Nxe2 Qf5 31. c5 b6 32. cxb6 Bb4
33. g4 Qxg4+ 34. Ng3 Rf3 35. Rxc6+ Kb7 36. Rc7+ Kxb6 0-1